00342nam a2200145Ia 4500008004100000020000900041100002000050245007200070260000900142300000900151440000900160500000900169505000900178650000900187210310s9999 xx 000 0 und d a#N/A aHarry A. finney 0a Curso de contabilidad intermedia I teoria y matrerial de practica c1964 b#N/A a#N/A a#N/A a#N/A a#N/A